=LDR 00000nam 2200000 4500 =001 INLIS000000000024368 =005 20130612122947 =008 ***********************************Ind** =035 ##$$0010-061300000024368 =041 ##$$a Ind =082 ##$$a 808.51 =090 ##$$a 808.51, Ros c =100 ##$$a Rosalina, Susi =245 ##$$a Contoh MC dan pidato praktis, Susi Rosalina =260 ##$$a 1991 $b Surabaya =300 ##$$a 173 hlm, 21 cm =650 ##$$a Pidato =850 ##$$a NBPNMAT